Островные страны Африки - Statistics

General Stats
  • This quiz has been taken 307 times
  • The average score is 5 of 6
Answer Stats
Страна % Correct
Мадагаскар
96%
Сейшельские Острова
88%
Кабо-Верде
84%
Маврикий
81%
Коморы
79%
Сан-Томе и Принсипи
78%
No matching quizzes found
Score Distribution
Percent of People with Each Score
Percentile by Number Answered
Your Score History
You have not taken this quiz